Výnosnosť investícií do vzdelania a ich odhad prostredníctvom čistej súčasnej hodnoty v prístupe OECD
Odhad výnosnosti investícií do vzdelania. Prístupy odhadu.
Salvato in:
| Autore principale: | |
|---|---|
| Altri autori: | |
| Natura: | Capitolo di libro |
| Lingua: | slovacco |
| Soggetti: | |
| Tags: |
Nessun Tag, puoi essere il primo ad aggiungerne!!
|
MARC
| LEADER | 00000naa$a2200000$$$4500 | ||
|---|---|---|---|
| 001 | 0110929 | ||
| 005 | 20240502072227.8 | ||
| 041 | 0 | |a slo | |
| 044 | |a SK | ||
| 245 | 1 | 0 | |a Výnosnosť investícií do vzdelania a ich odhad prostredníctvom čistej súčasnej hodnoty v prístupe OECD |c Daša Vališová, Denisa Kitová |
| 520 | |a Odhad výnosnosti investícií do vzdelania. Prístupy odhadu. | ||
| 610 | 2 | 0 | |a investície |
| 610 | 2 | 0 | |a efektívnosť investícií |
| 610 | 2 | 0 | |a financovanie vedy |
| 610 | 2 | 0 | |a vzdelávanie |
| 610 | 2 | 0 | |a motivácia |
| 610 | 2 | 0 | |a OECD |
| 610 | 2 | 0 | |a Slovensko |
| 100 | 1 | |a Vališová, Daša, 1982- | |
| 700 | 1 | |a Kitová, Denisa, 1983- | |